Statistics for Countries Closest to Vatican City

Click here to take the quiz!

General Stats

  • This quiz has been taken 1,329 times
  • The average score is 18 of 20

Answer Stats

country% Correct
1Italy
100%
3France
98%
2San Marino
95%
9Switzerland
94%
10Austria
93%
6Slovenia
93%
4Croatia
92%
20Macedonia & Malta, tied
91%
5Bosnia and Herzegovina
90%
16Germany
90%
17Greece
90%
12Albania
87%
7Monaco
87%
13Serbia
87%
14Hungary
83%
15Liechtenstein
82%
8Montenegro
82%
18Kosovo
80%
11Tunisia
72%
19Algeria
69%

Score Distribution

Percentile by Number Answered

Percent of People with Each Score

Your Score History

You have not taken this quiz